000 00678nam a2200229 a 4500
001 13620
003 BD-JhCC
005 20240304125931.0
008 171128s2024 bg |||| ||a| 000 0 ben d
020 _a9789845058707
035 _a(BD-JhCC)13620
040 _aBD-JhCC
_dBD-JhCC
041 _abengali
082 _a891.443
_bREZ 2024
100 _a রেজা ,জাহিদ
245 _aতোমাকে অভিনন্দন প্রিয়তমা /
_cজাহিদ রেজা ।
260 _aঢাকা :
_bঅন্য প্রকাশ;
_c2024.
300 _a151 p. :
_c22 cm.
650 _aBengali Novel.
942 _2ddc
_cBK
999 _c13620
_d13620